Serie A Most Efficient Goalkeeper Per Year - Statistics

General Stats
  • This quiz has been taken 250 times
    54 since last reset
  • The average score is 18 of 27
Answer Stats
Season Goalkeeper Team Save% % Correct
2015-16 Gianluigi Buffon Juventus 80.7
100%
2013-14 Gianluigi Buffon Juventus 81.3
100%
2012-13 Gianluigi Buffon Juventus 79.8
100%
2011-12 Gianluigi Buffon Juventus 83.5
100%
2001-02 Gianluigi Buffon Juventus 82.8
100%
2021-22 Mike Maignan AC Milan 81.2
94%
2023-24 Yann Sommer Inter Milan 82.7
94%
2006-07 Dida AC Milan 84.3
91%
2016-17 Gianluigi Donnarumma AC Milan 78.8
89%
2008-09 Júlio César Inter Milan 82.2
87%
2007-08 Júlio César Inter Milan 81.3
87%
2005-06 Júlio César Inter Milan 80.7
87%
2019-20 Wojciech Szczęsny Juventus 79.2
85%
2017-18 Alisson AS Roma 81.5
77%
2024-25 Mile Svilar AS Roma 79.5
70%
2010-11 Christian Abbiati AC Milan 84.3
68%
1998-99 Christian Abbiati AC Milan 81.6
68%
2022-23 Ivan Provedel Lazio 77.3
66%
2020-21 David Ospina Napoli 76.9
60%
1999-00 Edwin van der Sar Juventus 83.6
43%
2018-19 Alessio Cragno Cagliari 76.4
32%
2004-05 Francesco Antonioli Sampdoria 84.5
25%
2009-10 Marco Storari Sampdoria 77.8
15%
2003-04 Ivan Pelizzoli AS Roma 85.9
11%
2000-01 Ivan Pelizzoli Atalanta 81.5
11%
2002-03 Matteo Sereni Brescia 81.6
11%
2014-15 Albano Bizzarri Chievo 78.2
8%
No matching quizzes found
Score Distribution
Percent of People with Each Score
Percentile by Number Answered
Your Score History
You have not taken this quiz since the last reset